Transformácia areálu Bratislava - Dimitrovka

Enregistré dans:
Détails bibliographiques
Auteur principal: Vachuna, Lukáš (Auteur)
Autres auteurs: Bašová, Silvia (Directeur de thèse)
Format: Manuscrit Livre
Langue:slovaque
Publié: Bratislava 2019
Sujets:
Accès en ligne:http://is.stuba.sk/zp/portal_zp.pl?podrobnosti=146090
Tags: Ajouter un tag
Pas de tags, Soyez le premier à ajouter un tag!

MARC

LEADER 00000ntm a22000003a 4500
001 stuzp73930
003 SK-STU
005 20200914091738.0
007 ta
008 150427s2015----xo-----f-mn---000-0-slo-d
040 |a STU  |b slo 
041 0 |a slo 
100 1 |a Vachuna, Lukáš  |u 056160  |k Z4  |4 aut  |U FAD Fakulta architektúry  |T FA Ústav urbanizmu a územného plánovania  |X 65470  |U A6160  |Y 397  |7 65470 
242 0 1 |a Transformation of the Bratislava - Dimitrovka area  |y eng 
245 1 0 |a Transformácia areálu Bratislava - Dimitrovka 
260 |c 2019  |a Bratislava 
650 4 |a park  |2 slo 
650 4 |a Dimitrovka  |2 slo 
650 4 |a namestie  |2 slo 
650 4 |a Dimitrovka  |2 eng 
650 4 |a square  |2 eng 
650 4 |a park  |2 eng 
700 1 |a Bašová, Silvia  |u 056160  |k Z1  |4 ths  |U FAD Fakulta architektúry  |T FA Ústav urbanizmu a územného plánovania  |X 376  |U A6160  |Y 397  |7 A000000376 
856 4 |u http://is.stuba.sk/zp/portal_zp.pl?podrobnosti=146090  |u https://opac.crzp.sk/?fn=detailBiblioForm&sid=BCA102CB6C4CA54D4DEAA675C35B